Vector analysis with applications (Record no. 7970)

000 -LEADER
fixed length control field 00491nam a22001937a 4500
001 - CONTROL NUMBER
control field 7970
003 - CONTROL NUMBER IDENTIFIER
control field BD-DhUET
008 - FIXED-LENGTH DATA ELEMENTS--GENERAL INFORMATION
fixed length control field 141221b xxu||||| |||| 00| 0 eng d
040 ## - CATALOGING SOURCE
Transcribing agency 0
Modifying agency BD-DhUET
082 ## - DEWEY DECIMAL CLASSIFICATION NUMBER
Classification number 516.83
Item number ALI/1977
100 ## - MAIN ENTRY--PERSONAL NAME
Personal name Ali Ashraf
245 ## - TITLE STATEMENT
Title Vector analysis with applications
Statement of responsibility, etc. by Ali Ashraf
250 ## - EDITION STATEMENT
Edition statement 1st ed.
260 ## - PUBLICATION, DISTRIBUTION, ETC. (IMPRINT)
Place of publication, distribution, etc. Dhaka
Name of publisher, distributor, etc. Hafiz book centre
Date of publication, distribution, etc. 1977
300 ## - PHYSICAL DESCRIPTION
Extent 340[2]p.
Other physical details ill.
650 #0 - SUBJECT ADDED ENTRY--TOPICAL TERM
Topical term or geographic name as entry element Vector analysis
700 ## - ADDED ENTRY--PERSONAL NAME
Personal name Abdul Khaleq Hazra, Md.
942 ## - ADDED ENTRY ELEMENTS (KOHA)
Koha item type General Book
Holdings
Not for loan Koha date last borrowed Location (home branch) Koha normalized classification for sorting Source of classification or shelving scheme Withdrawn status Damaged status Piece designation (barcode) Koha out on loan Copy number Lost status Date acquired Koha item type Price effective from Sublocation or collection (holding branch) Koha date last seen Shelving location Koha full call number Koha issues (times borrowed)
 2023-09-26Central Library, BUET516_830000000000000_ALI_1977   48782 1 2014-12-21General Book2014-12-21Central Library, BUET2025-11-09Circulation section516.83/ALI/197713
 2024-02-04Central Library, BUET516_830000000000000_ALI_1977   487852024-02-182 2015-03-31General Book2015-03-31Central Library, BUET2024-02-04Circulation section516.83/ALI/19779
  Central Library, BUET516_830000000000000_ALI_1977   56215 3 2015-06-07General Book2015-06-07Central Library, BUET2015-06-07Reading section516.83/ALI/1977 
  Central Library, BUET516_830000000000000_ALI_1977   56213 4 2015-06-07General Book2015-06-07Central Library, BUET2015-06-07Reading section516.83/ALI/1977 
  Central Library, BUET516_830000000000000_ALI_1977   56216 5 2015-06-07General Book2015-06-07Central Library, BUET2015-06-07Reading section516.83/ALI/1977 
  Central Library, BUET516_830000000000000_ALI_1977   56218 6 2015-06-07General Book2015-06-07Central Library, BUET2015-06-07Reading section516.83/ALI/1977 
 2024-10-23Central Library, BUET516_830000000000000_ALI_1977   56212 7 2015-07-12General Book2015-07-12Central Library, BUET2025-11-09Circulation section516.83/ALI/19771